000 00320nam a2200121Ia 4500
008 230907s9999||||xx |||||||||||||| ||und||
082 _a891.4393
_bSHA
245 0 _aسرخ فیتہ , Surkh feeta /
260 _aSang-e-Meel Publications,
_bLahore :
_c2017
300 _a288 p.
650 _aUrdu Literature
942 _cBK
999 _c599728
_d599728